000 00184 a2200097 4500
020 _a076714007994
041 _aeng
100 _aFlynn, Vince
245 _aExecutive Power
942 _cBK
999 _c30012
_d30010